<?xml version="1.0" encoding="UTF-8"?>
<record
    xmlns:xsi="http://www.w3.org/2001/XMLSchema-instance"
    xsi:schemaLocation="http://www.loc.gov/MARC21/slim http://www.loc.gov/standards/marcxml/schema/MARC21slim.xsd"
    xmlns="http://www.loc.gov/MARC21/slim">

  <leader>03463nam a22002897a 4500</leader>
  <controlfield tag="003">DO-CoUTE</controlfield>
  <controlfield tag="005">20260511142510.0</controlfield>
  <controlfield tag="008">260511b        dr ||||| |||| 00| 0 spa d</controlfield>
  <datafield tag="040" ind1=" " ind2=" ">
    <subfield code="a">DO-CoUTE</subfield>
    <subfield code="b">spa</subfield>
    <subfield code="c">DO-CoUTE</subfield>
  </datafield>
  <datafield tag="041" ind1=" " ind2=" ">
    <subfield code="a">spa</subfield>
  </datafield>
  <datafield tag="092" ind1=" " ind2=" ">
    <subfield code="a">ING 2025 M65</subfield>
  </datafield>
  <datafield tag="100" ind1="1" ind2=" ">
    <subfield code="a">Monge D&#xED;az, Arlin Esther</subfield>
    <subfield code="e">Sustentante </subfield>
  </datafield>
  <datafield tag="245" ind1="1" ind2="0">
    <subfield code="a">Evaluaci&#xF3;n Geoambiental del Vertedero Municipal de Cotu&#xED; y su Impacto sobre el suelo, acu&#xED;feros y Salud P&#xFA;blica  / </subfield>
    <subfield code="c">Arlin Esther Monge D&#xED;az, Jorge Luis Cruz V&#xE1;squez, Walker De Jes&#xFA;s Almonte, Anyileidy Yepez Antigua, Yostin Domingo Mercado Santos ; Asesor, Abel De Jes&#xFA;s Mota</subfield>
  </datafield>
  <datafield tag="260" ind1=" " ind2=" ">
    <subfield code="a">Cotu&#xED;, Rep&#xFA;blica Dominicana ; </subfield>
    <subfield code="b">UTECO, </subfield>
    <subfield code="c">2025</subfield>
  </datafield>
  <datafield tag="300" ind1=" " ind2=" ">
    <subfield code="a">69 Hojas : </subfield>
    <subfield code="b">Imagenes ; </subfield>
    <subfield code="c">23cm, </subfield>
    <subfield code="e">+ 1 CD-ROM</subfield>
  </datafield>
  <datafield tag="502" ind1=" " ind2=" ">
    <subfield code="a"> Trabajo de Grado ( Ingeniero Civil) Universidad Tecnol&#xF3;gica del Cibao Oriental, 2025</subfield>
  </datafield>
  <datafield tag="504" ind1=" " ind2=" ">
    <subfield code="a">Incluye referencia bibliogr&#xE1;fica e &#xED;ndice.
</subfield>
  </datafield>
  <datafield tag="520" ind1=" " ind2=" ">
    <subfield code="a">El presente proyecto tuvo como objetivo realizar una evaluaci&#xF3;n geoambiental del
vertedero municipal de Cotu&#xED; y su impacto sobre el suelo, acu&#xED;feros y salud p&#xFA;blica; se
efectu&#xF3; en la comunidad de Platanal y se realiz&#xF3; desde septiembre 2025 hasta enero del
2026. Su dise&#xF1;o fue no experimental, con un enfoque mixto, siendo de tipo documental,
descriptiva y de campo.
Como la poblaci&#xF3;n exacta no era conocida, se utiliz&#xF3; un muestreo por cuota. Para este
estudio, se seleccionaron 30 moradores del sector y tres representantes de entidades locales
(Ayuntamiento Municipal, Ministerio de Medio Ambiente y Salud P&#xFA;blica), sin emplear
f&#xF3;rmulas espec&#xED;ficas para la selecci&#xF3;n. Se utiliz&#xF3; el fichaje y el an&#xE1;lisis de los datos; adem&#xE1;s
se aplic&#xF3; un cuestionario con preguntas cerradas para ser aplicado a los moradores de la
cercan&#xED;a al vertedero y otro de preguntas abiertas a autoridades del municipio, ambos fueron
validados por el asesor y el jurado examinador del proyecto.
xiv
En el presente se presentaron los resultados en cuadros, adem&#xE1;s se discutieron las
implicaciones de los hallazgos y su relaci&#xF3;n con la literatura existente. Se realizaron
entrevistas a autoridades municipales, expertos ambientales y ciudadanos en general.
Concluye que la ubicaci&#xF3;n actual del vertedero presenta un riesgo significativo de
contaminaci&#xF3;n de las aguas subterr&#xE1;neas, ya que carece de sistemas de impermeabilizaci&#xF3;n
de fondo y de captaci&#xF3;n y tratamiento de lixiviados, elementos cruciales para la protecci&#xF3;n
de los acu&#xED;feros. Tiene par&#xE1;metros contaminantes cr&#xED;ticos, incluyendo coliformes fecales y
metales pesados.
Hay familiares con problemas respiratorios frecuentes y malestares estomacales en
ni&#xF1;os; de acuerdo a los moradores de Platanal existe una profunda inquietud sobre la posible
contaminaci&#xF3;n de su comida o agua y la operaci&#xF3;n del vertedero ha afectado la paz familiar;
aunque el Ministerio de Salud P&#xFA;blica indic&#xF3; que no ha detectado casos de enfermedades
en las zonas pr&#xF3;ximas al vertedero que pudieran estar directamente relacionadas con la
poluci&#xF3;n. </subfield>
  </datafield>
  <datafield tag="650" ind1=" " ind2="4">
    <subfield code="a">Evaluaci&#xF3;n Geoambiental </subfield>
  </datafield>
  <datafield tag="700" ind1="1" ind2=" ">
    <subfield code="a">Arlin Esther Monge D&#xED;az</subfield>
    <subfield code="e">Sustentante </subfield>
  </datafield>
  <datafield tag="700" ind1="1" ind2=" ">
    <subfield code="a">Jorge Luis Cruz V&#xE1;squez</subfield>
    <subfield code="e">Sustentante </subfield>
  </datafield>
  <datafield tag="700" ind1="1" ind2=" ">
    <subfield code="a">Walker De Jes&#xFA;s Almonte</subfield>
    <subfield code="e">Sustentante </subfield>
  </datafield>
  <datafield tag="700" ind1="1" ind2=" ">
    <subfield code="a">Abel De Jes&#xFA;s Mota</subfield>
    <subfield code="e">Asesor </subfield>
  </datafield>
  <datafield tag="830" ind1=" " ind2=" ">
    <subfield code="a">Tesis y disertaciones acad&#xE9;micas (Universidad Tecnol&#xF3;gica del Cibao Oriental)</subfield>
  </datafield>
  <datafield tag="856" ind1=" " ind2=" ">
    <subfield code="y">Haga Click Aqu&#xED; para Descargar en Texto Completo</subfield>
  </datafield>
  <datafield tag="942" ind1=" " ind2=" ">
    <subfield code="2">ddc</subfield>
    <subfield code="c">TH</subfield>
  </datafield>
  <datafield tag="999" ind1=" " ind2=" ">
    <subfield code="c">24182</subfield>
    <subfield code="d">24182</subfield>
  </datafield>
  <datafield tag="952" ind1=" " ind2=" ">
    <subfield code="0">0</subfield>
    <subfield code="1">0</subfield>
    <subfield code="2">ddc</subfield>
    <subfield code="4">0</subfield>
    <subfield code="7">0</subfield>
    <subfield code="8">eT</subfield>
    <subfield code="a">BU</subfield>
    <subfield code="b">BU</subfield>
    <subfield code="c">GEN</subfield>
    <subfield code="d">2026-05-11</subfield>
    <subfield code="i">24182</subfield>
    <subfield code="l">0</subfield>
    <subfield code="o">ING 2025 M65</subfield>
    <subfield code="p">24182</subfield>
    <subfield code="r">2026-05-11 13:38:54</subfield>
    <subfield code="t">Ej.1</subfield>
    <subfield code="w">2026-05-11</subfield>
    <subfield code="y">TH</subfield>
  </datafield>
</record>
